000 00345nam a2200133Ia 4500
008 230312s9999||||xx |||||||||||||| ||und||
020 _a978-04729-3623-
082 _a658.827
_bIND-B
100 _aInd;Nicholas
245 0 _aBrand desire:How to Create Consumer Involement and Inspiration
300 _a183
650 _aManagement
942 _cBK
999 _c14846
_d14846